000
00329nam a2200133Ia 4500
008
150201s2010 xx 000 0 und d
082
_a
617.51
_b
H10C
100
_a
CORBRIDGE,ROGAN
245
_a
OXFORD HAND BOOK OF ENT&HEAD,NECK SURGERY
250
_a
2ND
260
_b
OXFORD
_a
NEW YORK
_c
2010
650
_a
E.N.T.
942
_2
ddc
_c
BK
999
_c
807
_d
807